=LDR 00000nam 2200000 4500 =001 INLIS000000000044757 =005 20140514105915.0 =006 =007 =008 Ind =035 ##$$0010-101300000002679 =041 ##$$a Ind =082 ##$$a 633.84 =090 ##$$a 633.84, Canp =100 ##$$a Tjandra, Ellen =245 ##$$a Panen Cabai Rawit di Polybag, Ellen Tjandra =260 ##$$a Jogjakarta $b CAHAYA ATMA PUSTAKA $c 2011 =300 ##$$a VIII,109 Hlm., 20 Cm =850 ##$$a NNT-CD =990 ##$$a 92509/BPAP-NTB/2014 =990 ##$$a 21197115/BPAP-NTB/2014 =990 ##$$a 0001/BPAP-NTB/20142015 =990 ##$$a 0001/BPAP-NTB/20142015